[Event "27.Schlosspark-Open"]
[Site "Wiesbaden-Biebrich"]
[Date "2015.08.30"]
[Round "6.54"]
[White "Donecker, Stefan"]
[Black "Kirchner, Markus"]
[Result "1/2-1/2"]
[WhiteElo "1879"]
[BlackElo "1633"]
[PlyCount "51"]
[EventDate "2015.??.??"]
[WhiteTeam "TuS Dotzheim"]
[BlackTeam "SF Schöneck"]

1. e3 Nf6 2. f4 d5 3. Nf3 Nc6 4. d4 Bf5 5. a3 e6 6. c4 Qd7 7. Nc3 Be7 8. Bd2
O-O 9. Rc1 Ne4 10. cxd5 exd5 11. Bb5 Nd6 12. Ne5 Qe8 13. Bxc6 bxc6 14. Qa4 Nb5
15. O-O Bd7 16. e4 dxe4 17. Nxe4 f6 18. Qc4+ Kh8 19. Nxd7 Qxd7 20. Bc3 Rad8 21.
Nc5 Bxc5 22. dxc5 Nxc3 23. Rxc3 Qd4+ 24. Qxd4 Rxd4 25. g3 Rg8 26. Rb3 1/2-1/2

[Event "27.Schlosspark-Open"]
[Site "Wiesbaden-Biebrich"]
[Date "2015.08.30"]
[Round "6.55"]
[White "Mangei, Jasmin"]
[Black "Lesny, Florian"]
[Result "1-0"]
[WhiteElo "1867"]
[BlackElo "1684"]
[PlyCount "41"]
[EventDate "2015.??.??"]
[WhiteTeam "SC Untergrombach"]
[BlackTeam "SK Niederbrechen"]

1. e4 c5 2. Nf3 d6 3. Bb5+ Bd7 4. Bxd7+ Qxd7 5. O-O Nc6 6. Re1 Nf6 7. c3 e6 8.
d4 cxd4 9. Nxd4 Be7 10. Nd2 Nxd4 11. cxd4 O-O 12. b3 Rac8 13. Bb2 Rc7 14. Qf3
Rc2 15. Nc4 Ng4 16. Qxg4 b5 17. Qd1 Rxc4 18. bxc4 bxc4 19. d5 e5 20. Rc1 Rc8
21. Qe2 1-0

[Event "27.Schlosspark-Open"]
[Site "Wiesbaden-Biebrich"]
[Date "2015.08.30"]
[Round "6.56"]
[White "Reitz, Theresa"]
[Black "Hoffmann, Jens"]
[Result "0-1"]
[WhiteElo "1547"]
[BlackElo "1852"]
[PlyCount "70"]
[EventDate "2015.??.??"]
[WhiteTeam "VfR-SC Koblenz"]
[BlackTeam "SF HN-Biberach"]

1. e4 c5 2. Nf3 d6 3. Bb5+ Bd7 4. Bxd7+ Qxd7 5. O-O Nc6 6. c3 Nf6 7. Re1 e6 8.
d4 cxd4 9. cxd4 d5 10. e5 Ne4 11. Nbd2 Nxd2 12. Bxd2 Be7 13. Bg5 O-O 14. Bxe7
Qxe7 15. Qd2 Rfc8 16. a3 b5 17. b4 a5 18. bxa5 Nxa5 19. Qb4 Qxb4 20. axb4 Nc6
21. Rab1 Ra4 22. Rec1 Ne7 23. Rxc8+ Nxc8 24. Kf1 Ne7 25. Ne1 f6 26. f4 Nc6 27.
Nc2 Ra2 28. Rc1 Rb2 29. g3 Nxb4 30. Nxb4 Rxb4 31. Rd1 Rb2 32. h3 b4 33. Ke1 b3
34. Rd2 Ra2 35. Kd1 b2 0-1

[Event "27.Schlosspark-Open"]
[Site "Wiesbaden-Biebrich"]
[Date "2015.08.30"]
[Round "6.57"]
[White "Bayer, Martin"]
[Black "John, Volkmar"]
[Result "0-1"]
[WhiteElo "1357"]
[BlackElo "1809"]
[PlyCount "124"]
[EventDate "2015.??.??"]
[WhiteTeam "SK Gründau"]
[BlackTeam "SK Herborn"]

1. e4 e5 2. Nf3 Nc6 3. Nc3 Nf6 4. Bc4 Bc5 5. d3 d6 6. Be3 Bb6 7. O-O Bg4 8. h3
Bh5 9. Bb5 O-O 10. Bxc6 bxc6 11. Bg5 Kh8 12. Kh2 Qe7 13. a4 h6 14. Be3 d5 15.
Bxb6 cxb6 16. Kg1 Qb4 17. g4 dxe4 18. dxe4 Bg6 19. Nxe5 Bxe4 20. Nxe4 Qxe4 21.
Nd3 Rad8 22. Re1 Qd4 23. b3 Rfe8 24. Rc1 Qd6 25. Kg2 Nd5 26. Qf3 f6 27. Qg3
Qxg3+ 28. Kxg3 Kg8 29. Kf3 Kf7 30. Rxe8 Rxe8 31. Re1 Rxe1 32. Nxe1 Ke6 33. Nd3
f5 34. Nf4+ Nxf4 35. Kxf4 g5+ 36. Ke3 Ke5 37. b4 b5 38. a5 f4+ 39. Kd3 Kd5 40.
f3 a6 41. c3 c5 42. bxc5 Kxc5 43. Kd2 Kc4 44. Kc2 b4 45. cxb4 Kxb4 46. Kd3 Kxa5
47. Ke4 Kb4 48. Kf5 a5 49. Kg6 a4 50. Kxh6 a3 51. Kxg5 a2 52. Kxf4 a1=Q 53. g5
Qg7 54. h4 Kc4 55. Kf5 Kd5 56. h5 Qf7+ 57. Kg4 Ke5 58. h6 Qg6 59. f4+ Ke4 60.
f5 Qxf5+ 61. Kh5 Kf4 62. h7 Qxg5# 0-1

[Event "27.Schlosspark-Open"]
[Site "Wiesbaden-Biebrich"]
[Date "2015.08.30"]
[Round "6.58"]
[White "Davidov, Georgi"]
[Black "Hegener, Daniel"]
[Result "1-0"]
[WhiteElo "1780"]
[BlackElo "1143"]
[PlyCount "91"]
[EventDate "2015.??.??"]
[WhiteTeam "SC Rotenburg"]
[BlackTeam "SC Eschborn"]

1. e4 e5 2. Nf3 Nc6 3. Bb5 a6 4. Bxc6 dxc6 5. O-O Bd6 6. d4 Qe7 7. dxe5 Bxe5 8.
Nxe5 Qxe5 9. f4 Qc5+ 10. Kh1 Nf6 11. e5 Nd5 12. Qe2 O-O 13. c4 Nb6 14. b3 Bg4
15. Qc2 Rad8 16. Bb2 Qe3 17. h3 Bh5 18. Kh2 Rd3 19. Qf2 Qxf2 20. Rxf2 h6 21. f5
f6 22. g4 Be8 23. e6 c5 24. Ba3 Bc6 25. Bxc5 Rfd8 26. Bxb6 cxb6 27. Na3 Rd2 28.
Raf1 Rxf2+ 29. Rxf2 Rd1 30. Nc2 Rh1+ 31. Kg3 Rg1+ 32. Kf4 Kf8 33. Nd4 Rd1 34.
Nxc6 bxc6 35. Ke3 Ke7 36. Rd2 Rxd2 37. Kxd2 Kd8 38. Ke3 Ke7 39. Kf4 Kd8 40. Kg3
Ke7 41. Kh4 Kd8 42. Kh5 Ke7 43. Kg6 Kf8 44. c5 bxc5 45. a4 a5 46. h4 1-0

[Event "27.Schlosspark-Open"]
[Site "Wiesbaden-Biebrich"]
[Date "2015.08.30"]
[Round "6.59"]
[White "Jakesevic, Ivan"]
[Black "Falkenhainer, Sven"]
[Result "0-1"]
[WhiteElo "1606"]
[BlackElo "1771"]
[PlyCount "40"]
[EventDate "2015.??.??"]
[WhiteTeam "FC Bierstadt"]
[BlackTeam "SC Bergen-Enkheim"]

1. d4 e6 2. c4 b6 3. Nf3 Bb7 4. Nc3 Nf6 5. Bg5 Be7 6. e3 O-O 7. Bd3 d6 8. O-O
Nbd7 9. h3 e5 10. Nd2 h6 11. Bh4 Nh7 12. Bxe7 Qxe7 13. Qc2 Ng5 14. Nde4 f5 15.
Nxg5 Qxg5 16. d5 f4 17. Bh7+ Kh8 18. exf4 exf4 19. Be4 f3 20. Qc1 Qxg2# 0-1

[Event "27.Schlosspark-Open"]
[Site "Wiesbaden-Biebrich"]
[Date "2015.08.30"]
[Round "6.60"]
[White "Zerhusen, Martin"]
[Black "Lehmann, Wolfgang"]
[Result "1-0"]
[WhiteElo "1768"]
[BlackElo "1605"]
[PlyCount "121"]
[EventDate "2015.??.??"]
[WhiteTeam "SV Oberursel"]
[BlackTeam "Wiesbadener SV"]

1. d4 d5 2. c4 c6 3. Nc3 Nf6 4. e3 e6 5. Nf3 Be7 6. a3 O-O 7. b4 Nbd7 8. Be2
Re8 9. Bb2 dxc4 10. Bxc4 b6 11. O-O Bb7 12. Be2 Nd5 13. Qb3 N7f6 14. Rfc1 Rb8
15. Rab1 Nxc3 16. Bxc3 Rc8 17. Bb2 Nd5 18. Rc2 Bf6 19. Rbc1 Qd7 20. Qa4 Ba8 21.
Nd2 b5 22. Qb3 Bb7 23. Ne4 Be7 24. Bf3 f5 25. Nc5 Bxc5 26. Rxc5 a6 27. Bc3 Rf8
28. Bd2 Kh8 29. Qc2 Nb6 30. Bxc6 Bxc6 31. Rxc6 Nc4 32. Rxc8 Rxc8 33. Qd3 Qe8
34. f3 Kg8 35. h3 Qd7 36. Be1 Nb2 37. Rxc8+ Qxc8 38. Qb3 Nc4 39. Bf2 Qc6 40.
Bg3 Kf7 41. Qc3 Qd5 42. Qd3 g6 43. Qc3 h5 44. Bf2 Qc6 45. Qd3 Qd5 46. e4 fxe4
47. fxe4 Qd7 48. Bh4 Kg8 49. Bf6 Qf7 50. Bg5 Kh7 51. h4 Kg8 52. Qg3 Kh7 53. Qc3
Kg8 54. a4 Qb7 55. axb5 axb5 56. Qf3 Qf7 57. Qg3 Qa7 58. Bf6 Nd2 59. Qxg6+ Kf8
60. Qh6+ Kg8 61. Qh8+ 1-0

[Event "27.Schlosspark-Open"]
[Site "Wiesbaden-Biebrich"]
[Date "2015.08.30"]
[Round "6.61"]
[White "Köllner, Aaron Noah"]
[Black "Wilke, Tabea"]
[Result "1/2-1/2"]
[WhiteElo "1582"]
[BlackElo "1759"]
[PlyCount "125"]
[EventDate "2015.??.??"]
[WhiteTeam "SV Bergneustadt/Derschlag"]
[BlackTeam "SC Hattersheim"]

1. d4 Nf6 2. Nf3 g6 3. e3 Bg7 4. c4 d6 5. Nc3 O-O 6. Bd3 Nbd7 7. O-O e5 8. Rb1
Re8 9. dxe5 dxe5 10. Ne4 Nxe4 11. Bxe4 c6 12. b4 f5 13. Bc2 e4 14. Ne1 Qh4 15.
Bb2 Ne5 16. f3 Be6 17. Bb3 Qh6 18. Qc1 Rad8 19. Rf2 exf3 20. gxf3 Bf7 21. e4
Qxc1 22. Bxc1 fxe4 23. fxe4 Bxc4 24. Bxc4+ Nxc4 25. Re2 Rd4 26. Bg5 Rdxe4 27.
Rxe4 Rxe4 28. Nf3 Nb2 29. a3 Nc4 30. Rd1 h6 31. Bh4 Nxa3 32. Rd8+ Kh7 33. Rd7
Rg4+ 34. Bg3 Kg8 35. Rxb7 Nb5 36. Kf2 Re4 37. Rb8+ Kf7 38. Bh4 g5 39. Bxg5 Rxb4
40. Bxh6 Bxh6 41. Ne5+ Kf6 42. Nxc6 Rf4+ 43. Kg3 Rf5 44. Ra8 Nd6 45. Rxa7 Ne4+
46. Kg2 Kg5 47. Ra2 Rc5 48. Nd4 Kh5 49. Nf3 Ng5 50. Nxg5 Rxg5+ 51. Kf3 Rf5+ 52.
Ke4 Rf4+ 53. Ke5 Rf1 54. Ra8 Rh1 55. Ra2 Rf1 56. Rg2 Bf4+ 57. Ke4 Kh4 58. Rg8
Bxh2 59. Rh8+ Kg3 60. Rg8+ Kh3 61. Rh8+ Kg2 62. Rg8+ Bg3 63. Kd3 1/2-1/2

[Event "27.Schlosspark-Open"]
[Site "Wiesbaden-Biebrich"]
[Date "2015.08.30"]
[Round "6.62"]
[White "Buhr, Patrick"]
[Black "Börkey, Luis"]
[Result "1-0"]
[WhiteElo "1746"]
[BlackElo "1566"]
[PlyCount "119"]
[EventDate "2015.??.??"]
[WhiteTeam "SC Heimbach-Weis"]
[BlackTeam "Wiesbadener SV"]

1. c4 e5 2. g3 Nf6 3. Nc3 c6 4. e4 d6 5. d4 Be7 6. dxe5 dxe5 7. Qxd8+ Bxd8 8.
Nf3 Bc7 9. c5 Bg4 10. Be2 O-O 11. Be3 Nbd7 12. h3 Bh5 13. g4 Bg6 14. Nd2 Ba5
15. f3 Rfe8 16. Kf2 Nf8 17. Rhb1 Ne6 18. b4 Bc7 19. Nc4 Rad8 20. a4 Nd4 21. b5
Nc2 22. b6 Bb8 23. Ra2 Nxe3 24. Kxe3 a6 25. a5 Rd7 26. Rbb2 Red8 27. Na4 Ne8
28. Rd2 f6 29. h4 Bf7 30. Rxd7 Rxd7 31. Rd2 Rxd2 32. Nxd2 Kf8 33. Bc4 Bxc4 34.
Nxc4 Ke7 35. Nd2 g6 36. Nc3 Ng7 37. Ne2 Ne6 38. Nb3 Kf7 39. h5 g5 40. Nec1 h6
41. Kd3 Ke8 42. Kc4 Nd8 43. Ne2 Nf7 44. Ng3 Kd7 45. Nf5 Ke6 46. Nd2 Kd7 47. Nf1
Ke6 48. Ng7+ Kd7 49. Ne3 Ke7 50. Nef5+ Kd7 51. Kb4 Kd8 52. Ne6+ Ke8 53. Nfg7+
Ke7 54. Kc4 Kd7 55. Nf8+ Ke7 56. Ng6+ Kd7 57. Nf5 Ke8 58. Nge7 Kd7 59. Ng6 Ke6
60. Nf8# 1-0

[Event "27.Schlosspark-Open"]
[Site "Wiesbaden-Biebrich"]
[Date "2015.08.30"]
[Round "6.63"]
[White "Hegener, Thorsten"]
[Black "Lehmann, Tim"]
[Result "1/2-1/2"]
[WhiteElo "1742"]
[BlackElo "1560"]
[PlyCount "87"]
[EventDate "2015.??.??"]
[WhiteTeam "SC Eschborn"]
[BlackTeam "SV Lahn Limburg"]

1. d4 Nf6 2. g3 g6 3. Nf3 d6 4. Bg2 Bg7 5. c4 Nbd7 6. O-O O-O 7. Nc3 e5 8. dxe5
Nxe5 9. Nxe5 dxe5 10. Bg5 Qxd1 11. Rfxd1 c6 12. Rd2 Be6 13. b3 h6 14. Bxf6 Bxf6
15. Ne4 Be7 16. Rad1 Kg7 17. Nd6 Bxd6 18. Rxd6 Kf6 19. Bh3 Rfe8 20. Kg2 h5 21.
Kf3 g5 22. Bxe6 Rxe6 23. Rd7 b5 24. Rc7 a5 25. Rdd7 Rf8 26. Ra7 a4 27. bxa4
bxc4 28. Ke3 h4 29. Kd2 e4 30. e3 Kg7 31. Kc3 Rf6 32. Rd2 hxg3 33. hxg3 Rb8 34.
a5 Rb1 35. Kxc4 Rc1+ 36. Kb3 Rf5 37. Kb2 Rc4 38. Kb3 Rc1 39. Rb2 Rfc5 40. Ka3
R1c3+ 41. Rb3 Rc2 42. Rb2 R5c3+ 43. Rb3 Rc5 44. Rb2 1/2-1/2

[Event "27.Schlosspark-Open"]
[Site "Wiesbaden-Biebrich"]
[Date "2015.08.30"]
[Round "6.64"]
[White "Viol, Julius"]
[Black "Künitz, Klaus"]
[Result "1/2-1/2"]
[WhiteElo "1555"]
[BlackElo "1740"]
[PlyCount "64"]
[EventDate "2015.??.??"]
[WhiteTeam "FC Bierstadt"]
[BlackTeam "TSV Schott Mainz"]

1. d4 Nf6 2. Nf3 d5 3. c4 c6 4. cxd5 cxd5 5. Nc3 Bf5 6. Bf4 e6 7. e3 Nc6 8. Bb5
Bd6 9. Bxd6 Qxd6 10. a3 O-O 11. h3 a6 12. Bd3 Bxd3 13. Qxd3 b5 14. b4 Rac8 15.
O-O e5 16. dxe5 Nxe5 17. Nxe5 Qxe5 18. Rac1 Rc4 19. Ne2 Rfc8 20. Qb1 Ne4 21.
Rfd1 g6 22. Rxc4 Rxc4 23. Rc1 Qf6 24. Nf4 Rxc1+ 25. Qxc1 g5 26. Nd3 Qc3 27.
Qxc3 Nxc3 28. Nc5 Nb1 29. Nxa6 Nxa3 30. Nc7 d4 31. exd4 Kf8 32. Nd5 Nc2 1/2-1/2

[Event "27.Schlosspark-Open"]
[Site "Wiesbaden-Biebrich"]
[Date "2015.08.30"]
[Round "6.65"]
[White "Mang, Markus"]
[Black "Nasshan, Erich"]
[Result "1-0"]
[WhiteElo "1724"]
[BlackElo "1543"]
[PlyCount "61"]
[EventDate "2015.??.??"]
[WhiteTeam "SG Kaiserslautern"]
[BlackTeam "SC Ramstein"]

1. d4 d5 2. c4 c6 3. Nf3 Nf6 4. e3 dxc4 5. Bxc4 e6 6. O-O Be7 7. Qc2 Nbd7 8.
Rd1 b5 9. Be2 Bb7 10. a3 a6 11. b4 Qc7 12. Nbd2 Rc8 13. Nb3 O-O 14. Bb2 Nd5 15.
Rac1 Bd6 16. Qd3 N5b6 17. Na5 Nd5 18. g3 Ba8 19. e4 N5b6 20. Rd2 Nb8 21. Bd1
Be7 22. Bb3 Qd8 23. h4 Qd7 24. Ne5 Qd6 25. Bc2 Qc7 26. Bb1 N8d7 27. Nexc6 Bxc6
28. Nxc6 Nf6 29. e5 g6 30. Nxe7+ Qxe7 31. Rxc8 1-0

[Event "27.Schlosspark-Open"]
[Site "Wiesbaden-Biebrich"]
[Date "2015.08.30"]
[Round "6.66"]
[White "Busch, Günther"]
[Black "Fischer, Patrick"]
[Result "*"]
[WhiteElo "1528"]
[BlackElo "1723"]
[Annotator "Schloessner,Henrik"]
[PlyCount "76"]
[EventDate "2015.??.??"]
[WhiteTeam "FC Bierstadt"]
[BlackTeam "SF HN-Biberach"]

1. g3 e5 2. d3 d5 3. Bg2 Nf6 4. e3 Bd6 5. Nd2 Be6 6. a3 Nbd7 7. Ne2 c6 8. b3
Qe7 9. Bb2 O-O 10. O-O Rac8 11. h3 Rfe8 12. Kh2 Nc5 13. Nf3 Ncd7 14. Nd2 Rf8
15. Nf3 Nh5 16. Qe1 f5 17. Qd2 Kf7 18. b4 Rh8 19. Nfg1 Nhf6 20. f4 Rhf8 21. Nf3
e4 22. Ng5+ Kg8 23. Nd4 Bf7 24. Nxf5 Qd8 25. Nxf7 Rxf7 26. Nxd6 Qf8 27. Nxc8
Qxc8 28. Bxf6 Nxf6 29. Rac1 Qe6 30. d4 b5 31. Qe2 a6 32. f5 Qd6 33. Rf4 Nd7 34.
Rcf1 Rf6 35. Qh5 h6 36. Rg4 Nf8 37. Qe8 Kh7 38. Qe5 Qd7 {Now white plays
illegal 39.Qa8. (1-0, 55.) Nun spielte Weiß das illegale 39.Qa8! (1-0, 55.)} *

[Event "27.Schlosspark-Open"]
[Site "Wiesbaden-Biebrich"]
[Date "2015.08.30"]
[Round "6.67"]
[White "Triantafillidis, Simeon"]
[Black "Traut, Stefan"]
[Result "1-0"]
[WhiteElo "1513"]
[BlackElo "1723"]
[PlyCount "71"]
[EventDate "2015.??.??"]
[WhiteTeam "SF HN-Biberach"]
[BlackTeam "SF Heusenstamm"]

1. e4 c5 2. c3 d5 3. exd5 Qxd5 4. d4 Nc6 5. Nf3 Bg4 6. Be2 e6 7. O-O Nf6 8. Be3
cxd4 9. cxd4 Be7 10. Nc3 Qa5 11. Qb3 Qc7 12. Nb5 Qb8 13. Qa4 a6 14. Nc3 O-O 15.
Bg5 Rd8 16. Bxf6 Bxf6 17. d5 Bxf3 18. Bxf3 exd5 19. Nxd5 Bd4 20. Rfd1 Qa7 21.
Nc7 Rac8 22. Nd5 Bxf2+ 23. Kh1 Bd4 24. Qb3 b5 25. Rac1 g6 26. Nf4 Qb6 27. Ne6
Rd6 28. Nxd4 Rxd4 29. Rxd4 Qxd4 30. Rxc6 Re8 31. Rc1 Qe5 32. h3 Qg3 33. Qc3 h5
34. Qf6 a5 35. Bd5 Rf8 36. Bxf7+ 1-0

[Event "27.Schlosspark-Open"]
[Site "Wiesbaden-Biebrich"]
[Date "2015.08.30"]
[Round "6.68"]
[White "Diener, Carolin Valeria"]
[Black "Goodwin, David"]
[Result "1-0"]
[WhiteElo "1722"]
[BlackElo "1462"]
[PlyCount "75"]
[EventDate "2015.??.??"]
[WhiteTeam "SK Bad Homburg"]
[BlackTeam "SV Kelsterbach"]

1. e4 g6 2. d4 Bg7 3. Nc3 d6 4. Be3 Nd7 5. Be2 e5 6. Qd2 Ne7 7. f4 exf4 8. Bxf4
Nc6 9. Nf3 Nb6 10. O-O-O Na5 11. b3 Nc6 12. h3 a5 13. a4 Nb4 14. Bh6 O-O 15. h4
d5 16. Bxg7 Kxg7 17. h5 h6 18. hxg6 Rh8 19. gxf7 Be6 20. Ne5 Bxf7 21. Nxf7 Kxf7
22. Rdf1+ Kg7 23. e5 Qg5 24. Bh5 Qxd2+ 25. Kxd2 Rhf8 26. Nb5 Rxf1 27. Rxf1 Rf8
28. Rxf8 Kxf8 29. Nxc7 Nc6 30. c3 Ke7 31. Bf3 Nd8 32. Nxd5+ Nxd5 33. Bxd5 b6
34. c4 h5 35. g3 Ne6 36. Bxe6 Kxe6 37. Ke3 Kf5 38. Kf3 1-0

[Event "27.Schlosspark-Open"]
[Site "Wiesbaden-Biebrich"]
[Date "2015.08.30"]
[Round "6.69"]
[White "Wößmann, David"]
[Black "Starkbaum, Michael"]
[Result "1-0"]
[WhiteElo "1476"]
[BlackElo "1720"]
[PlyCount "57"]
[EventDate "2015.??.??"]
[WhiteTeam "Biebertaler SF"]
[BlackTeam "Kreuznacher SV"]

1. e4 e5 2. Nf3 Nc6 3. Bc4 Nf6 4. d3 Bc5 5. c3 a5 6. Bb3 d6 7. Nbd2 Bg4 8. h3
Be6 9. Bc2 O-O 10. Nf1 Re8 11. Ng3 b5 12. O-O a4 13. d4 Bb6 14. d5 Bxh3 15.
gxh3 Ne7 16. Bg5 Qd7 17. Kh2 Kh8 18. Bxf6 gxf6 19. Nh4 Rg8 20. Ngf5 Ng6 21. Qf3
Nxh4 22. Nxh4 a3 23. Qxf6+ Rg7 24. Nf5 Rag8 25. Rg1 axb2 26. Rxg7 Qxf5 27.
Rxg8+ Kxg8 28. Rg1+ Kf8 29. Qd8# 1-0

[Event "27.Schlosspark-Open"]
[Site "Wiesbaden-Biebrich"]
[Date "2015.08.30"]
[Round "6.70"]
[White "Laux, Dominik"]
[Black "van Bömmel, Philipp"]
[Result "1/2-1/2"]
[WhiteElo "1273"]
[BlackElo "1714"]
[PlyCount "47"]
[EventDate "2015.??.??"]
[WhiteTeam "VSG Offenbach"]
[BlackTeam "SC Hattersheim"]

1. d4 f5 2. Nf3 Nf6 3. Bf4 d6 4. e3 e6 5. c4 Be7 6. Nc3 b6 7. Be2 Bb7 8. h3 Ne4
9. Rc1 Nd7 10. O-O O-O 11. Bd3 Nxc3 12. Rxc3 Bf6 13. Bh2 g6 14. Re1 e5 15. dxe5
dxe5 16. Bxf5 gxf5 17. Rd3 Rf7 18. Nxe5 Bxe5 19. Bxe5 Qe8 20. Bxc7 Nc5 21. Rd8
Rxd8 22. Qxd8 Qxd8 23. Bxd8 Rd7 24. Bf6 1/2-1/2

[Event "27.Schlosspark-Open"]
[Site "Wiesbaden-Biebrich"]
[Date "2015.08.30"]
[Round "6.71"]
[White "Kunkel, Wolfgang"]
[Black "Wachsmann, Elmar"]
[Result "1-0"]
[WhiteElo "1705"]
[BlackElo "1356"]
[PlyCount "76"]
[EventDate "2015.??.??"]
[WhiteTeam "SK Gießen"]
[BlackTeam "SC Groß-Umstadt"]

1. f4 d5 2. Nf3 Nf6 3. d4 Bf5 4. e3 c5 5. c3 e6 6. Bd3 Nc6 7. Bxf5 exf5 8. O-O
Bd6 9. Ne5 Ne4 10. Nd2 O-O 11. Qf3 f6 12. Nd3 c4 13. Nf2 b5 14. g4 fxg4 15.
Nxg4 Qe8 16. Kh1 Qe6 17. Rg1 Rfe8 18. a4 b4 19. f5 Qd7 20. Qxe4 dxe4 21. Nxf6+
Kh8 22. Nxd7 bxc3 23. bxc3 Na5 24. Ba3 Bxa3 25. Rxa3 Rad8 26. Ne5 Rb8 27. f6
Rb7 28. Nxe4 Rc7 29. fxg7+ Rxg7 30. Rxg7 Kxg7 31. Ra1 Re6 32. Rg1+ Kf8 33. Rf1+
Kg7 34. Rf7+ Kg8 35. Rxa7 Nc6 36. Ra8+ Kg7 37. Nc5 Rh6 38. Nxc4 Rxh2+ 1-0

[Event "27.Schlosspark-Open"]
[Site "Wiesbaden-Biebrich"]
[Date "2015.08.30"]
[Round "6.72"]
[White "Deutsch, Christoph"]
[Black "Pade, Joachim"]
[Result "1/2-1/2"]
[WhiteElo "1358"]
[BlackElo "1676"]
[PlyCount "55"]
[EventDate "2015.??.??"]
[WhiteTeam "SK Gründau"]
[BlackTeam "SC Butzbach"]

1. e4 c6 2. d4 d5 3. exd5 cxd5 4. Bd3 Nc6 5. c3 Nf6 6. h3 e6 7. Bf4 Bd6 8. Bxd6
Qxd6 9. Nf3 h6 10. O-O O-O 11. Re1 Nd7 12. Bc2 f5 13. Nbd2 Nf6 14. Ne5 Nd7 15.
Ndf3 Ndxe5 16. Nxe5 Nxe5 17. Rxe5 Bd7 18. Bd3 Rf6 19. Qf3 Raf8 20. Rae1 g5 21.
R1e2 R8f7 22. a3 b5 23. Rd2 Qf8 24. Qe2 Qg7 25. Qf3 g4 26. hxg4 fxg4 27. Qe3
Rf4 28. Qg3 1/2-1/2

[Event "27.Schlosspark-Open"]
[Site "Wiesbaden-Biebrich"]
[Date "2015.08.30"]
[Round "6.73"]
[White "Usczeck, Alina"]
[Black "Knödler, Marcel"]
[Result "1-0"]
[WhiteElo "1623"]
[BlackElo "1253"]
[PlyCount "40"]
[EventDate "2015.??.??"]
[WhiteTeam "VfR-SC Koblenz"]
[BlackTeam "FC Bierstadt"]

1. e4 c6 2. Nc3 d5 3. Nf3 dxe4 4. Nxe4 Bf5 5. Ng3 Bg6 6. h4 h6 7. Ne5 Bh7 8.
Qh5 g6 9. Qf3 Nf6 10. Qb3 e6 11. Qxb7 Nbd7 12. Nxc6 Qc8 13. Ba6 Nb6 14. Qxc8+
Nxc8 15. Bb7 Nb6 16. Bxa8 Nxa8 17. Nxa7 Bc5 18. Nb5 O-O 19. O-O Rd8 20. d3 Nb6
1-0

[Event "27.Schlosspark-Open"]
[Site "Wiesbaden-Biebrich"]
[Date "2015.08.30"]
[Round "6.74"]
[White "Börkey, Pierre"]
[Black "Reinisch, Markus"]
[Result "1-0"]
[WhiteElo "1331"]
[BlackElo "1644"]
[PlyCount "59"]
[EventDate "2015.??.??"]
[WhiteTeam "Wiesbadener SV"]
[BlackTeam "Wiesbadener SV"]

1. d4 d5 2. c4 e6 3. Nf3 Nf6 4. e3 Be7 5. b3 O-O 6. Bb2 Nbd7 7. Nc3 b6 8. Bd3
Bb7 9. O-O h6 10. Rc1 c5 11. Qe2 Rc8 12. Rfd1 Re8 13. e4 dxe4 14. Nxe4 Nxe4 15.
Bxe4 Bxe4 16. Qxe4 Qc7 17. Rc2 Nf6 18. Qe2 Red8 19. Rcd2 Qb7 20. dxc5 Rxd2 21.
Rxd2 Ne4 22. Rd4 Nxc5 23. Rg4 f6 24. b4 Na4 25. Qxe6+ Kf8 26. Nh4 g5 27. Ng6+
Kg7 28. Bxf6+ Kxg6 29. Bxg5+ Kh5 30. Bxe7 1-0

[Event "27.Schlosspark-Open"]
[Site "Wiesbaden-Biebrich"]
[Date "2015.08.30"]
[Round "6.75"]
[White "Dyga, Ryszard"]
[Black "Krischak, Werner"]
[Result "0-1"]
[WhiteElo "1569"]
[BlackElo "1796"]
[PlyCount "114"]
[EventDate "2015.??.??"]
[WhiteTeam "SV Hofheim"]
[BlackTeam "SK Marburg"]

1. e4 c6 2. d4 d5 3. Nc3 dxe4 4. Nxe4 Bf5 5. Ng3 Bg6 6. Nf3 Nf6 7. h4 h6 8. h5
Bh7 9. Bd3 Bxd3 10. Qxd3 e6 11. Bd2 Nbd7 12. O-O-O Qc7 13. Ne4 Be7 14. g3 O-O-O
15. Nxf6 Nxf6 16. Bf4 Qa5 17. Qb3 Rd5 18. Bd2 Qa6 19. c4 Rxh5 20. Rxh5 Nxh5 21.
Ne5 c5 22. g4 Nf6 23. Nxf7 Rf8 24. Ne5 cxd4 25. Ng6 Re8 26. Nxe7+ Rxe7 27. Bb4
Rd7 28. f3 e5 29. a3 Qe6 30. Qd3 Rc7 31. b3 b5 32. c5 a6 33. Kb2 Nd5 34. Qe4
Nf6 35. Qc2 Qd5 36. Qf5+ Kb7 37. Re1 Nd7 38. Qe4 Qxe4 39. Rxe4 Nxc5 40. Bxc5
Rxc5 41. b4 Rd5 42. Kc2 Kc7 43. Kd3 Kd6 44. f4 exf4 45. Rxf4 Ke6 46. Rf8 Rd7
47. Ra8 Rd6 48. Rf8 Ke5 49. Rf7 g5 50. Rf5+ Ke6 51. Rf1 Rc6 52. Kxd4 Rc4+ 53.
Kd3 Rxg4 54. Rh1 Rh4 55. Rxh4 gxh4 56. Ke4 h3 57. Kf3 Kd5 0-1

[Event "27.Schlosspark-Open"]
[Site "Wiesbaden-Biebrich"]
[Date "2015.08.30"]
[Round "6.76"]
[White "Tampe, Alexander"]
[Black "Kirchner, Stefan"]
[Result "1/2-1/2"]
[WhiteElo "1719"]
[BlackElo "1497"]
[PlyCount "44"]
[EventDate "2015.??.??"]
[WhiteTeam "Schachforum Darmstadt"]
[BlackTeam "SF Schöneck"]

1. e4 d6 2. Nf3 Nf6 3. Nc3 c6 4. d4 Nbd7 5. Bf4 Qa5 6. Qd2 e5 7. dxe5 dxe5 8.
Bg5 Bb4 9. Bd3 O-O 10. O-O Re8 11. a3 Be7 12. b4 Qc7 13. Na4 b6 14. c4 Bb7 15.
Nc3 a5 16. b5 Nc5 17. Qc2 Rad8 18. Rfd1 Ne6 19. Be3 Nf4 20. a4 Bb4 21. Bxf4
Bxc3 22. Qxc3 exf4 1/2-1/2

[Event "27.Schlosspark-Open"]
[Site "Wiesbaden-Biebrich"]
[Date "2015.08.30"]
[Round "6.77"]
[White "Börkey, Joel"]
[Black "Kuschel, Heidi"]
[Result "0-1"]
[WhiteElo "1482"]
[BlackElo "1713"]
[PlyCount "108"]
[EventDate "2015.??.??"]
[WhiteTeam "Wiesbadener SV"]
[BlackTeam "SVG Lauterbach"]

1. d4 Nf6 2. c4 g6 3. Nc3 d5 4. cxd5 Nxd5 5. e4 Nb6 6. Nf3 Bg7 7. Be3 Bg4 8. d5
O-O 9. Rc1 c6 10. dxc6 Qxd1+ 11. Nxd1 Nxc6 12. Bb5 Rfc8 13. Bxc6 Rxc6 14. Rxc6
bxc6 15. Ke2 Nc4 16. b3 Ne5 17. h3 Bxf3+ 18. gxf3 Nd7 19. Bf4 Bd4 20. Ne3 e5
21. Bg3 g5 22. Rd1 c5 23. Nf5 f6 24. b4 Rb8 25. bxc5 Rb2+ 26. Kf1 Nxc5 27. Nxd4
exd4 28. Rxd4 Rxa2 29. Rd8+ Kg7 30. Bd6 Ne6 31. Re8 Nd4 32. Re7+ Kg6 33. Bc5
Nxf3 34. Bxa7 Nd2+ 35. Kg2 Nxe4 36. Rxe4 Rxa7 37. h4 h6 38. hxg5 hxg5 39. Re3
f5 40. Rc3 Ra4 41. Rb3 Rg4+ 42. Rg3 Kh5 43. Kh3 Rxg3+ 44. Kxg3 f4+ 45. Kf3 Kh4
46. Kg2 g4 47. Kh2 f3 48. Kg1 g3 49. Kf1 g2+ 50. Kg1 Kg4 51. Kh2 Kf4 52. Kg1
Ke4 53. Kh2 Kd3 54. Kg1 Ke2 0-1

[Event "27.Schlosspark-Open"]
[Site "Wiesbaden-Biebrich"]
[Date "2015.08.30"]
[Round "6.78"]
[White "Gläßer, Leonhard"]
[Black "Ungurean, Daniela"]
[Result "0-1"]
[WhiteElo "1403"]
[BlackElo "1641"]
[PlyCount "74"]
[EventDate "2015.??.??"]
[WhiteTeam "FC Bierstadt"]
[BlackTeam "SK Geisenheim"]

1. Nf3 Nc6 2. c4 e5 3. Nc3 Nf6 4. e3 Be7 5. Be2 O-O 6. O-O d6 7. d4 exd4 8.
exd4 Bg4 9. h3 Bh5 10. b3 d5 11. Bg5 dxc4 12. bxc4 h6 13. Be3 a6 14. a3 Re8 15.
Qd2 Na5 16. Rab1 Bxf3 17. Bxf3 Nxc4 18. Qa2 Nxe3 19. fxe3 Rb8 20. Bxb7 Bf8 21.
Rfe1 Qd6 22. Bd5 Nxd5 23. Rxb8 Rxb8 24. Nxd5 Qe6 25. e4 c6 26. Nc3 Qxa2 27.
Nxa2 Bxa3 28. Rd1 Rd8 29. d5 cxd5 30. Rxd5 Rxd5 31. exd5 Kf8 32. Kf2 Ke7 33.
Ke3 g6 34. Nc3 f5 35. g4 Bc1+ 36. Kd3 Kd6 37. Kc4 Bd2 0-1

[Event "27.Schlosspark-Open"]
[Site "Wiesbaden-Biebrich"]
[Date "2015.08.30"]
[Round "6.79"]
[White "Deutsch, Volker"]
[Black "Wöhl, Torsten"]
[Result "0-1"]
[WhiteElo "1329"]
[BlackElo "1621"]
[PlyCount "92"]
[EventDate "2015.??.??"]
[WhiteTeam "SK Gründau"]
[BlackTeam "SC Groß-Zimmern"]

1. e4 e6 2. d4 d5 3. e5 c5 4. c3 cxd4 5. cxd4 Nc6 6. Nf3 Nge7 7. Bd3 Qb6 8. Bc2
Nf5 9. Bxf5 exf5 10. Nc3 Bb4 11. O-O Be6 12. a3 Be7 13. b4 O-O 14. Bb2 a5 15.
b5 Na7 16. a4 Nc8 17. Qb3 Qd8 18. Rac1 Nb6 19. Nd2 Rc8 20. Rfd1 f6 21. exf6
Bxf6 22. Re1 Re8 23. Nf3 Rc4 24. Qd1 Qd6 25. Ne5 Bxe5 26. Rxe5 Nd7 27. Re2 Nf6
28. Nb1 Ng4 29. g3 Rxc1 30. Qxc1 Nf6 31. Qc3 b6 32. Ba3 Qd8 33. Qc6 Ne4 34. f3
Ng5 35. Kg2 Bd7 36. Rxe8+ Bxe8 37. Qc3 Bh5 38. Nd2 Qe8 39. Qd3 Bg6 40. Qf1 Qe3
41. Bc1 Ne6 42. Qd1 Qd3 43. Qb3 Qe2+ 44. Kh3 Ng5+ 45. Kh4 Nf7 46. h3 Qe7# 0-1